| 000 | 01182nam a22003137a 4500 | ||
|---|---|---|---|
| 001 | 5610 | ||
| 003 | FISKH | ||
| 005 | 20241220104950.0 | ||
| 008 | 241220b cb ||||| |||| 00| 0 eng d | ||
| 020 | _a9780545587532 | ||
| 040 |
_aFISKH _beng _cFISKH _dFISKH |
||
| 050 | _aDT92.N68 | ||
| 082 | _a932.021092 | ||
| 100 | _aNorwich,Grace | ||
| 245 |
_aCleopatra / _cBy Grace Norwich : Illustrated by Elisabeth Alba |
||
| 250 | _aFirst printing, January 2014 | ||
| 260 |
_aNew York : _bScholastic ; _c2014. |
||
| 300 |
_a128 pages : _billustrations ; _c20 cm . |
||
| 490 |
_aI am _vBook 10 |
||
| 505 | _aZ | ||
| 520 | _aAs the last pharaoh of ancient Egypt, I ruled alone without the help of my husband. I was a powerful and courageous leader, and I passionately loved my people. Much has been written of my beauty, but I was also known for my composure, wit, and strength. I was a queen who was worshipped as a god. I am Cleopatra. | ||
| 521 | 8 |
_a1030
_bLexile |
|
| 521 | 8 |
_aZ
_bRaz-Plus |
|
| 650 |
_aAncient Egypt _vNon-fiction |
||
| 650 |
_aBiographies _vNon-fiction |
||
| 700 |
_aAlba, Elisabeth _eillustrator |
||
| 942 |
_2ddc _cBK _n0 |
||
| 999 |
_c5610 _d5610 |
||